French Football Champions by Logo Ligue 1 - Statistics

General Stats
  • This quiz has been taken 43 times
  • The average score is 15 of 28
Answer Stats
Picture Answer % Correct
Olympique Marseille
100%
Paris Saint-Germain
100%
AS Monaco
97%
FC Nantes
97%
Lille OSC
97%
Olympique Lyonnais
97%
RC Lens
97%
OGC Nice
92%
Saint-Étienne
92%
RC Strasbourg
89%
AJ Auxerre
86%
Montpellier HSC
84%
Stade Reims
81%
FC Girondins Bordeaux
78%
Le Havre AC
70%
FC Sochaux-Montbéliard
59%
SC Sètois
22%
FC Rouen
19%
RC Paris
8%
Club Français
5%
ÉFC Fréjus Saint-Raphaël
5%
Olympique Lillois
5%
CA Paris-Charenton
3%
Gallia Club Paris
3%
RC Roubaix
3%
Stade Helvétique
3%
Standard Athletic Club
3%
US Tourquennoise
3%
No matching quizzes found
Score Distribution
Percent of People with Each Score
Percentile by Number Answered
Your Score History
You have not taken this quiz